000 00607nam a2200205Ia 4500
008 100315s9999 xx 000 0 und d
020 _a8125906347 
040 _cENGLISH 
082 _b3479 
_a004 
100 _a"Saxena, Sanjay "
245 _aA First Course In Computers
260 _aNew Delhi 
_bVikas  
_c2000 
365 _eRupees 
_d
_b150.00 
366 _f
505 _gTushar Jadhav 
620 _a"Introduction To Computers, History of Computers, Windows 95,MS-DOS "
630 _aA First Course In Computers
730 _aA First Course In Computers
942 _cBOOK
999 _c478214
_d478211